000 00961cam a2200193 4500
001 WB3840-09
008 021031n2002 000 0 eng u
035 _a(Sirsi) u120326
245 _aHousing statistics: March quarter 2002
260 _c2002
490 _aODPM Statistical Release
_v (HS-Q1) 31 October 2002, (2)
520 _aHousing Statistics March Quarter 2002 for England is a supplement to ODPM's annual compendium of statistics on housing. It includes housing renewals, disabled facilities grants, sales and transfer of local authority dwellings including right-to-buy, house prices, mortgage and land costs, and rents. Copies are available from +44 (0)870 600 5522 or can be downloaded from www.housing.odpm.gov.uk/statistics/publicat/housestats ODPM Statistical Release www.odpm.gov.uk/news/0210/hs-q1.htm
590 _aWB
650 _aSTATISTICS
650 _aRIGHT-TO-BUY
650 _aHOUSE PRICES
690 _aHOUSING
942 _n0
999 _c71488
_d71488